| Tag |
First Indicator |
Second Indicator |
Subfields |
| LEADER |
00000cam a22000001a 4500 |
| 001 |
in00003290590 |
| 006 |
m d f |
| 007 |
cr bn mmmapmmp |
| 008 |
091022s1991 dcu o f000 0 eng d |
| 005 |
20260504202041.3 |
| 035 |
|
|
|a cis2007459355
|
| 040 |
|
|
|a UMI
|c UMI
|d UtOrBLW
|
| 043 |
|
|
|a n-us---
|
| 074 |
|
|
|a 1037-B, 1037-C (MF)
|
| 086 |
0 |
|
|a Y 4.G 74/9:S.hrg.101-1115
|
| 099 |
|
|
|a HRG-1990-SGA-0035
|
| 110 |
1 |
|
|a United States.
|b Congress.
|b Senate.
|b Committee on Governmental Affairs.
|
| 245 |
1 |
0 |
|a Oversight of Inspector General operations and needs :
|b hearing before the Committee on Governmental Affairs, United States Senate, One Hundred First Congress, second session, July 18, 1990.
|
| 264 |
|
1 |
|a Washington :
|b U.S. G.P.O.,
|c 1991.
|
| 300 |
|
|
|a 1 online resource.
|
| 336 |
|
|
|a text
|b txt
|2 rdacontent
|
| 337 |
|
|
|a computer
|b c
|2 rdamedia
|
| 338 |
|
|
|a online resource
|b cr
|2 rdacarrier
|
| 490 |
1 |
|
|a S. hrg. ;
|v 101-1115
|
| 500 |
|
|
|a Record is based on bibliographic data in ProQuest Congressional Hearings Digital Collection. Reuse except for individual research requires license from ProQuest, LLC.
|
| 538 |
|
|
|a System requirements: PDF reader software.
|
| 500 |
|
|
|a Electronic resource.
|
| 650 |
|
0 |
|a Governmental investigations
|z United States.
|
| 650 |
|
0 |
|a Auditors
|z United States.
|
| 650 |
|
0 |
|a Administrative agencies
|z United States
|x Auditing.
|
| 650 |
|
0 |
|a Executive departments
|z United States
|x Auditing.
|
| 650 |
|
0 |
|a Waste in government spending
|z United States.
|
| 650 |
|
0 |
|a Fraud
|z United States.
|
| 655 |
|
7 |
|a Electronic books.
|2 local
|
| 710 |
2 |
|
|a ProQuest (Firm)
|
| 776 |
0 |
8 |
|i Print version:
|a United States. Congress. Senate. Committee on Governmental Affairs.
|t Oversight of Inspector General operations and needs
|w (DLC)91600295
|w (DGPO)92056355
|w (OCoLC)24846860
|
| 776 |
0 |
8 |
|i Microfiche version:
|a United States. Congress. Senate. Committee on Governmental Affairs.
|t Oversight of Inspector General operations and needs.
|d [Bethesda, Md.] : ProQuest,[2004]
|o CIS 91 S401-21
|w (ProQuest)cis09102439
|
| 810 |
1 |
|
|a United States.
|b Congress.
|b Senate.
|t S. hrg. ;
|v 101-1115.
|
| 830 |
|
0 |
|a U.S. Congressional Hearings.
|
| 856 |
4 |
0 |
|u http://proxy.library.tamu.edu/login?url=https://congressional.proquest.com/congcomp/getdoc?HEARING-ID=HRG-1990-SGA-0035
|z Connect to the full text of this electronic book
|t 0
|
| 998 |
|
|
|a cis09102439
|
| 999 |
|
|
|a MARS
|
| 999 |
f |
f |
|s 458a269e-ef72-33df-929b-c2c4b507585c
|i 44625277-b02f-3b77-93a2-c1cf9f5faaf9
|t 0
|
| 952 |
f |
f |
|a Texas A&M University
|b College Station
|c Electronic Resources
|s www_evans
|d Available Online
|t 0
|e HRG-1990-SGA-0035
|h Other scheme
|
| 998 |
f |
f |
|a HRG-1990-SGA-0035
|t 0
|l Available Online
|